| 000 | 01009nam a2200301 i 4500 | ||
|---|---|---|---|
| 003 | DO-SdBNP | ||
| 005 | 20260326083206.0 | ||
| 007 | ta | ||
| 008 | 230421b1989 dr ||||| |||| 00| 0 spa d | ||
| 040 |
_aDO-SdBNP _bspa _cBNPHU _erda |
||
| 041 | _aspa | ||
| 082 | 4 |
_a347.7293077 _bG373v _222 |
|
| 100 | 1 |
_aGermán M., Mariano, _d1946- _q(Germán Mejía) _eautor _4aut. _99311 |
|
| 245 | 1 | 0 |
_aVías de ejecución / _cMariano Mejía Germán. |
| 264 | 4 |
_aSanto Domingo : _bTaller, _c©1989. |
|
| 300 |
_avolumen ; _c24 cm. |
||
| 336 |
_atexto _btxt _2rdacontent |
||
| 337 |
_asin mediación _bn _2rdamedia |
||
| 338 |
_avolumen _bnc _2rdacarrier |
||
| 500 | _aIncluye datos biográficos del autor en la contracubierta e índice temático | ||
| 500 | _aLa biblioteca posee el v. 1 | ||
| 504 | _aBibliografia : páginas 339-340 | ||
| 590 | _aInventariado, 2023/BT | ||
| 650 | 4 |
_aEjecucion (derecho) _zRepública Dominicana _965667 |
|
| 650 | 4 |
_aDeudor y acreedor _921558 |
|
| 910 | _aBtavárez | ||
| 942 |
_2ddc _cLBS1 |
||
| 999 |
_c53332 _d53332 |
||